7 návykov pre úspešný a harmonický život /

Gespeichert in:
Bibliographische Detailangaben
1. Verfasser: Covey, Stephen R. (Verfasst von)
Format: Buch
Sprache:Slowakisch
Veröffentlicht: Bratislava : OPEN WINDOWS, 1994
Schlagworte:
Tags: Tag hinzufügen
Keine Tags, Fügen Sie das erste Tag hinzu!

MARC

LEADER 00000nam a22000003a 4500
001 stu7520
005 20150617225809.5
008 970710s1994----xo------------------slo-d
020 |a 80-85741-05-9 
040 |a STU  |b slo 
041 0 |a slo 
044 |a xo 
080 |a 658.3 
080 |a 159.92/.95 
100 1 |a Covey, Stephen R.  |4 aut 
245 1 |a 7 návykov pre úspešný a harmonický život /  |c [aut.] Covey,Stephen R 
260 |a Bratislava :  |b OPEN WINDOWS,  |c 1994 
300 |a 289 s 
650 7 |a psychológia osobnosti  |2 stusub 
650 7 |a pracovné vzťahy  |2 stusub 
650 7 |a medziľudská komunikácia  |2 stusub 
650 7 |a kariéra  |2 stusub 
996 |b E81296  |c R*81296  |l RRUM  |s A  |a 24  |w stu7520_0001